00422nam a2200109Ia 4500008004100000100001700041245009100058260004100149650001700190650005600207856004900263171212s9999 xx 000 0 und d aMayer, Vicki cMayer, VickiaAlmost Hollywood, Nearly New OrleansbThe Lure of the Local Film Economy bUniversity of California Pressc2017 aFilm Studies aMotion picture industry -- Louisiana -- New Orleans uhttp://jstor.org/stable/10.1525/j.ctt1pq344w